| 000 | 00000nam 2200000za 4500 |
| 001 | 9.822452 |
| 003 | CaOODSP |
| 005 | 20221107143700 |
| 007 | cr ||||||||||| |
| 008 | 160811s2008 quc o f000 0 fre d |
| 040 | |aCaOODSP|bfre |
| 043 | |an-cn--- |
| 086 | 1 |aCH6-44/2008F-PDF |
| 110 | 1 |aCanada. |bPatrimoine canadien. |
| 245 | 10|aVérification et évaluation formative conjointes du Secrétariat fédéral des Jeux olympiques et paralympiques d'hiver de 2010 |h[ressource électronique] / |cBureau du dirigeant principal de la vérification et de l’évaluation. |
| 260 | |a[Gatineau, Québec] : |bPatrimoine canadien, |c2008. |
| 300 | |axii, 82 p. : |btableaux, photos, figs. |
| 500 | |aPublié aussi en anglais sous le titre : Joint Audit and Formative Evaluation of the 2010 Olympic and Paralympic Winter Games Federal Secretariat. |
| 500 | |a« Octobre 2008. » |
| 520 | |aEn 2010, le Canada sera l’hôte des Jeux olympiques et paralympiques d’hiver (les Jeux) qui seront tenus à Vancouver et à Whistler, en Colombie-Britannique. Comme le gouvernement fédéral est l’un des principaux partenaires de l’accueil de ces Jeux, un Secrétariat fédéral a été créé en juillet 2001 à l’étape de la candidature. Quand le Canada a été sélectionné comme hôte des Jeux, le 2 juillet 2003, le Secrétariat fédéral des Jeux olympiques et paralympiques d’hiver de 2010 (le SF) a été mis sur pied au ministère du Patrimoine canadien (PCH). ... |
| 692 | 07|2gccst|aVérification |
| 692 | 07|2gccst|aJeux olympiques |
| 775 | 08|tJoint audit and formative evaluation of the 2010 Olympic and Paralympic Winter Games Federal Secretariat |w(CaOODSP)9.822068 |
| 856 | 40|qPDF|s748 Ko|uhttps://publications.gc.ca/collections/collection_2016/pch/CH6-44-2008-fra.pdf |